000
00298nam a2200133Ia 4500
100
_a
TTTI
942
_c
BK
654
_a
mechanical
245
_a
Mechanical estimating and costing
260
_b
Tata Mc Graw hill
_a
New Delhi
_c
1987
082
_a
620.0024
_b
TTT
300
_a
160
546
_a
ENGLISH
999
_c
23129
_d
23129